000 00391nam a2200145Ia 4500
008 231129s2007||||xx |||||||||||||| ||spa||
020 _a978-958-44-1547-9
040 _bspa
082 _a986.132 Ch532u
100 _aChica Cardona Julián
245 0 _aUn valle lacustre llamado Dosquebradas
260 _c2007
264 _aManigraf
942 _2ddc
_cBKS
999 _c25914
_d25914